| 000 | 01413nam a2200397 i 4500 | ||
|---|---|---|---|
| 001 | 12512 | ||
| 003 | KOSZ 005 | ||
| 005 | 20190830130032.0 | ||
| 008 | 070620s1969 pl a f 001 0 pol | ||
| 015 | _aPB 1969/1991 | ||
| 040 |
_aWA N _cWA N _dKOSZ 005/RW _dKOSZ 005/HR |
||
| 041 | 1 |
_apol _hrus |
|
| 046 | _k1969 | ||
| 080 | _a544.6 | ||
| 080 | _a537 | ||
| 100 | 1 |
_aMâmlin, Viktor Alekseevič. _eAutor |
|
| 245 | 1 | 0 |
_aElektrochemia półprzewodników / _cV. A. Mjamlin, J. W. Pleskow ; tłumaczenie Helena Jankowska. |
| 246 | 1 |
_iTytuł oryginału: _aElektrohimiâ poluprovodnikov. |
|
| 260 |
_aWarszawa : _bWydawnictwa Naukowo-Techniczne, _c1969. |
||
| 300 |
_a412 stron : _bilustracje ; _c23 cm. |
||
| 336 |
_aTekst _btxt _2rdacontent |
||
| 337 |
_aBez urządzenia pośredniczącego _bn _2rdamedia |
||
| 338 |
_aWolumin _bnc _2rdacarrier |
||
| 380 | _aKsiążki. | ||
| 388 | _a1901-2000 | ||
| 504 | _aBibliografia przy rozdziałach. Indeks. | ||
| 658 | _aChemia | ||
| 658 | _aFizyka i astronomia | ||
| 650 | 4 | _aPółprzewodniki | |
| 650 | 4 | _aElektrochemia | |
| 700 | 1 |
_aPleskov, Ûrij Viktorovič. _eAutor |
|
| 700 | 1 |
_aJankowska, Helena _d(1931- ). _eTłumaczenie |
|
| 710 | 2 |
_aWydawnictwa Naukowo-Techniczne _4pbl. |
|
| 856 |
_uhttp://koha.tu.koszalin.pl/cgi-bin/koha/opac-detail.pl?biblionumber=12512 _yKatalog online BPK |
||
| 942 |
_2UKD _cKS |
||
| 999 |
_c12512 _d12512 |
||